Armenia multiple choice quiz - Statistics

General Stats
  • This quiz has been taken 25 times
  • The average score is 7 of 10
Answer Stats
Question Answer % Correct
The first ______ was built in Armenia Church
100%
What countries border Armenia Turkey, Iran, Azerbaijan, Georgia
100%
Armenia is the homeland of the _______ Apricot
95%
Armenia has __ letters in it's alphabet 38
86%
Armenia was the first country to adopt christianity in ___ AD 301
82%
What is Armenia's official name Republic of Armenia
82%
What is Armenia's land area (Rounded to the nearest thousand) 29.7k km2
36%
__% of Armenians live outside their ancestral homeland 68%
36%
What is Armenia's population (Rounded to the nearest million) 2.93 million
32%
In ____ Armenia was incorporated into the Soviet Union 1922
18%
No matching quizzes found
Score Distribution
Percent of People with Each Score
Percentile by Number Answered
Your Score History
You have not taken this quiz